000 00512nam a2200181Ia 4500
005 20250508163410.0
008 008 250505s9999 xx 000 0 eng d
037 _aTextual
040 _aFEDL
_beng
_cFEDL
041 _aeng
_2eng
084 _a954.01, VED
_qFEDL
100 _aVedavyas E
_973576
245 0 _aAstronomical dating of the Mahabharata War
260 _aDelhi, India
_bAgam Kala Prakashan
_c1986
300 _axvi,343p
942 _cTEXL
_h954.01, VED
999 _c1382828
_d1382828